[Event "FIDE Chesscom Online Nations Cup"]
[White "Muzychuk, Mariya"]
[Black "Girya, Olga"]
[Site "Online"]
[Round "4"]
[Annotator "ChessBase"]
[Result "1/2-1/2"]
[Date "2020.05.06"]
[WhiteElo "2506"]
[BlackElo "2471"]
[PlyCount "167"]
[TimeControl "1500+10"]

1. e4 {[%emt 0:0:4]} c6 {[%emt 0:0:2]} 2. d4 {[%emt 0:0:2]} d5 {[%emt 0:0:0]} 3. Nc3 {[%emt 0:0:2]} dxe4 {[%emt 0:0:2]} 4. Nxe4 {[%emt 0:0:1]} Nf6 {[%emt 0:0:2]} 5. Nxf6+ {[%emt 0:0:4]} exf6 {[%emt 0:0:1]} 6. c3 {[%emt 0:0:2]
} Bd6 {[%emt 0:0:2]} 7. Bd3 {[%emt 0:0:6]} 0-0 {[%emt 0:0:0]} 8. Qc2 {[%emt 0:1:1]} Re8+ {[%emt 0:0:5]} 9. Ne2 {[%emt 0:0:2]} h5 {[%emt 0:0:6]
} 10. Be3 {[%emt 0:2:10]} Nd7 {[%emt 0:0:10]} 11. 0-0-0 {[%emt 0:1:18]
} Nf8 {[%emt 0:0:13]} 12. Ng3 {[%emt 0:2:32]} g6 {[%emt 0:0:0]} 13. Ne4 {[%emt 0:0:23]} Be7 {[%emt 0:0:3]} 14. h3 {[%emt 0:0:52]} f5 {[%emt 0:5:5]
} 15. Nd2 {[%emt 0:0:16]} Be6 {[%emt 0:1:29]} 16. Kb1 {[%emt 0:0:0]} b5 {[%emt 0:0:34]} 17. Be2 {[%emt 0:2:38]} Qc7 {[%emt 0:5:4]} 18. Nb3 {[%emt 0:1:27]} Bd5 {[%emt 0:1:21]} 19. Rhg1 {[%emt 0:1:5]} Bd6 {[%emt 0:0:19]
} 20. g3 {[%emt 0:1:14]} Be4 {[%emt 0:5:56]} 21. Bd3 {[%emt 0:0:0]} Rad8 {[%emt 0:0:44]} 22. Bg5 {[%emt 0:2:29]} Be7 {[%emt 0:2:57]} 23. Bf4 {[%emt 0:1:45]} Bd6 {[%emt 0:0:16]} 24. Bxd6 {[%emt 0:0:18]} Qxd6 {[%emt 0:0:14]
} 25. Bxe4 {[%emt 0:1:54]} Rxe4 {[%emt 0:0:30]} 26. Nc5 {[%emt 0:0:4]
} Re7 {[%emt 0:0:1]} 27. g4 {[%emt 0:0:45]} fxg4 {[%emt 0:0:0]} 28. hxg4 {[%emt 0:0:4]} h4 {[%emt 0:1:1]} 29. g5 {[%emt 0:0:44]} Qf4 {[%emt 0:0:9]} 30. Nd3 {[%emt 0:0:8]} Qf5 {[%emt 0:0:24]} 31. Ne5 {[%emt 0:0:15]
} Qxc2+ {[%emt 0:0:25]} 32. Kxc2 {[%emt 0:0:3]} Rd6 {[%emt 0:0:0]} 33. Rg4 {[%emt 0:0:49]} c5 {[%emt 0:0:22]} 34. Rxh4 {[%emt 0:0:24]} cxd4 {[%emt 0:0:1]} 35. cxd4 {[%emt 0:0:1]} Rc7+ {[%emt 0:0:3]} 36. Kb1 {[%emt 0:0:21]
} Ne6 {[%emt 0:0:2]} 37. Rdh1 {[%emt 0:2:54]} Nxg5 {[%emt 0:0:0]} 38. Rh8+ {[%emt 0:0:20]} Kg7 {[%emt 0:0:2]} 39. f4 {[%emt 0:0:2]} Ne4 {[%emt 0:0:7]} 40. Ng4 {[%emt 0:0:54]} Nd2+ {[%emt 0:0:6]} 41. Ka1 {[%emt 0:0:1]
} Rc1+ {[%emt 0:0:8]} 42. Rxc1 {[%emt 0:0:2]} Kxh8 {[%emt 0:0:0]} 43. Rc7 {[%emt 0:0:31]} Kg7 {[%emt 0:0:37]} 44. Ne5 {[%emt 0:0:33]} Rxd4 {[%emt 0:0:12]} 45. Rxf7+ {[%emt 0:0:5]} Kg8 {[%emt 0:0:21]} 46. b3 {[%emt 0:0:18]
} a5 {[%emt 0:0:16]} 47. Rf6 {[%emt 0:0:10]} Ne4 {[%emt 0:0:0]} 48. Rxg6+ {[%emt 0:0:2]} Kf8 {[%emt 0:0:1]} 49. Rg2 {[%emt 0:0:32]} Nc3 {[%emt 0:0:17]} 50. Kb2 {[%emt 0:0:7]} b4 {[%emt 0:0:3]} 51. Nc6 {[%emt 0:0:16]
} Rxf4 {[%emt 0:0:13]} 52. Nxa5 {[%emt 0:0:6]} Nd1+ {[%emt 0:0:0]} 53. Kc1 {[%emt 0:0:5]} Nc3 {[%emt 0:0:2]} 54. Nc6 {[%emt 0:0:10]} Rf1+ {[%emt 0:0:10]} 55. Kc2 {[%emt 0:0:16]} Nxa2 {[%emt 0:0:5]} 56. Kb2 {[%emt 0:0:4]
} Nc3 {[%emt 0:0:6]} 57. Nxb4 {[%emt 0:0:18]} Nb5 {[%emt 0:0:0]} 58. Re2 {[%emt 0:0:7]} Rf3 {[%emt 0:0:6]} 59. Rd2 {[%emt 0:0:14]} Ke8 {[%emt 0:0:26]} 60. Nc6 {[%emt 0:0:3]} Rf6 {[%emt 0:0:16]} 61. Nd4 {[%emt 0:0:8]
} Nc7 {[%emt 0:0:14]} 62. Kc3 {[%emt 0:0:9]} Rd6 {[%emt 0:0:0]} 63. b4 {[%emt 0:0:17]} Kd7 {[%emt 0:0:4]} 64. Kc4 {[%emt 0:0:12]} Nd5 {[%emt 0:0:6]} 65. b5 {[%emt 0:0:7]} Ne3+ {[%emt 0:0:8]} 66. Kc3 {[%emt 0:0:9]
} Nd5+ {[%emt 0:0:4]} 67. Kb3 {[%emt 0:0:3]} Nb6 {[%emt 0:0:0]} 68. Rd3 {[%emt 0:0:4]} Kc7 {[%emt 0:0:7]} 69. Kc3 {[%emt 0:0:7]} Nd5+ {[%emt 0:0:5]} 70. Kc4 {[%emt 0:0:2]} Nb6+ {[%emt 0:0:7]} 71. Kb4 {[%emt 0:0:4]
} Kb7 {[%emt 0:0:2]} 72. Kc3 {[%emt 0:0:11]} Nd5+ {[%emt 0:0:0]} 73. Kd2 {[%emt 0:0:5]} Nb4 {[%emt 0:0:5]} 74. Rb3 {[%emt 0:0:26]} Rxd4+ {[%emt 0:0:3]} 75. Kc3 {[%emt 0:0:1]} Rd3+ {[%emt 0:0:28]} 76. Kxb4 {[%emt 0:0:3]} Rxb3+ {[%emt 0:0:4]} 77. Kxb3 {[%emt 0:0:1]} Kb6 {[%emt 0:0:0]} 78. Kb4 {[%emt 0:0:1]} Kb7 {[%emt 0:0:1]} 79. Kc5 {[%emt 0:0:1]} Kc7 {[%emt 0:0:1]} 80. b6+ {[%emt 0:0:1]} Kb7 {[%emt 0:0:2]} 81. Kb5 {[%emt 0:0:0]
} Kb8 {[%emt 0:0:1]} 82. Kc6 {[%emt 0:0:2]} Kc8 {[%emt 0:0:0]} 83. b7+ {[%emt 0:0:1]} Kb8 {[%emt 0:0:1]} 84. Kb6 {[%emt 0:0:1]} 1/2-1/2

[Event "FIDE Chesscom Online Nations Cup"]
[White "Koneru, Humpy"]
[Black "Hou, Yifan"]
[Site "Online"]
[Round "4"]
[Annotator "TA"]
[Result "1/2-1/2"]
[Date "2020.05.06"]
[WhiteElo "2483"]
[BlackElo "2621"]
[PlyCount "75"]

1. d4 {} Nf6 2. c4 e6 3. Nf3 d5 4. Nc3 Nbd7 5. cxd5 exd5 6. Bg5 c6 7. e3 Be7 8. Bd3 Ne4 9. Bxe7 Qxe7 10. Qc2 Ndf6 {10...f5 is not played anymore.} 11. 0-0 0-0 12. Ne5 {D35: Queen's Gambit Declined: Exchange Variation.} Re8 13. Rfe1 Bf5 14. Rac1 {[#]} Nxc3 $146 ({Predecessor:} 14... g6 )15. Qxc3 Bxd3 16. Qxd3 Ne4 17. Nf3 a5 18. Nd2 Nd6 19. a4 g6 20. h3 Kg7 21. Rc5 Qd8 22. Rcc1 Qb6 23. Qc3 Ne4 24. Nxe4 Rxe4 25. Rb1 Qb4 26. Qxb4 axb4 $11 { Endgame
KRR-KRR} 27. b3 f5 28. f3 Re6 29. Kf2 Kf6 30. h4 Ke7 31. Rbd1 Kd6 32. Rd3 b6 33. g3 Rae8 34. Red1 Rf8 35. R3d2 Rfe8 36. Rd3 Rf8 37. R3d2 Rfe8 38. Rd3 {
Accuracy: White = 100%, Black = 100%.} 1/2-1/2

[Event "FIDE Chesscom Online Nations Cup"]
[White "Zatonskih, Anna"]
[Black "Dzagnidze, Nana"]
[Site "Online"]
[Round "4"]
[Annotator "RC"]
[Result "0-1"]
[Date "2020.05.06"]
[WhiteElo "2327"]
[BlackElo "2447"]
[PlyCount "94"]
[TimeControl "1500+10"]

1. e4 {[%emt 0:0:1]} c5 {[%emt 0:0:3]} 2. c3 {[%emt 0:0:1]} Nf6 {[%emt 0:0:0]} 3. e5 {[%emt 0:0:7]} Nd5 {[%emt 0:0:7]} 4. Nf3 {[%emt 0:0:25]} Nc6 {[%emt 0:0:41]} 5. Bc4 {[%emt 0:0:7]} Nb6 {[%emt 0:0:14]} 6. Bb3 {[%emt 0:0:0]} d5 {[%emt 0:0:30]} 7. exd6 {[%emt 0:1:16]} Qxd6 {[%emt 0:0:8]} 8. 0-0 {[%emt 0:0:33]} Be6 {[%emt 0:2:40]} 9. Na3 {[%emt 0:1:56]} Bxb3 {[%emt 0:2:26]
} 10. axb3 {[%emt 0:0:5]} Qd3 {[%emt 0:0:53]} 11. Qc2 {[%emt 0:5:12]
} Rd8 {[%emt 0:2:50]} 12. Qxd3 {[%emt 0:1:6]} Rxd3 {[%emt 0:0:0]} 13. Nc4 {[%emt 0:2:0]} Nxc4 {[%emt 0:0:19]} 14. bxc4 {[%emt 0:0:0]
} e6 {[%emt 0:2:14]} 15. Rd1 {[%emt 0:8:56]} Be7 {[%emt 0:0:13]} 16. Ne1 {[%emt 0:0:54]
} Rd7 {[%emt 0:0:10]} 17. Nf3 {[%emt 0:0:35]} e5 {[%emt 0:0:0]} 18. d4 {[%emt 0:2:53]} exd4 {[%emt 0:2:23]} 19. cxd4 {[%emt 0:0:2]} cxd4 {[%emt 0:0:5]} 20. Bd2 {[%emt 0:0:2]} 0-0 {[%emt 0:1:4]} 21. b4 {[%emt 0:0:4]
} Bxb4 {[%emt 0:0:25]} 22. Bxb4 {[%emt 0:0:4]} Nxb4 {[%emt 0:0:0]} 23. Rxa7 {[%emt 0:0:4]} Nc6 {[%emt 0:1:24]} 24. Ra3 {[%emt 0:0:5]} f6 {[%emt 0:0:21]} 25. Kf1 {[%emt 0:0:24]} Rfd8 {[%emt 0:0:45]} 26. Ke2 {[%emt 0:0:31]
} g5 {[%emt 0:0:22]} 27. h3 {[%emt 0:0:41]} Kf7 {[%emt 0:0:16]
} 28. g4 {[%emt 0:0:37]} Kg6 {[%emt 0:0:19]} 29. h4 {[%emt 0:0:32]} gxh4 {[%emt 0:0:46]
} 30. Rh1 {[%emt 0:0:3]} Re7+ {[%emt 0:0:39]} 31. Kd2 {[%emt 0:0:20]
} Ne5 {[%emt 0:0:56]} 32. Nxe5+ {[%emt 0:0:5]} fxe5 {[%emt 0:0:0]} 33. Rxh4 {[%emt 0:0:4]} Rf8 {[%emt 0:1:10]} 34. Ke2 {[%emt 0:0:23]} e4 {[%emt 0:0:25]} 35. Rah3 {[%emt 0:0:5]} Ref7 {[%emt 0:0:11]} 36. Rh6+ {[%emt 0:0:8]
} Kg5 {[%emt 0:0:2]} 37. R6h5+ {[%emt 0:0:15]} Kf4 {[%emt 0:0:0]} 38. g5 {[%emt 0:0:11]} d3+ {[%emt 0:0:7]} 39. Ke1 {[%emt 0:0:6]} Ra8 {[%emt 0:0:12]} 40. R3h4+ {[%emt 0:0:10]} Kf5 {[%emt 0:0:24]} 41. g6+ {[%emt 0:0:3]
} Kxg6 {[%emt 0:0:2]} 42. Rh6+ {[%emt 0:0:1]} Kf5 {[%emt 0:0:0]} 43. R6h5+ {[%emt 0:0:2]} Kf6 {[%emt 0:0:11]} 44. Rh6+ {[%emt 0:0:0]} Ke5 {[%emt 0:0:6]} 45. R4h5+ {[%emt 0:0:49]} Kd4 {[%emt 0:0:5]} 46. Rd6+ {[%emt 0:0:7]} Kc3 {[%emt 0:0:1]} 47. Kf1 {[%emt 0:0:15]} Rg7 {[%emt 0:0:10]
} 0-1